000 00547nam a2200205Ia 4500
999 _c55571
_d55571
005 20240530105405.0
008 140319s9999 xx 000 0 ara d
017 _bمصر. دار الكتب
040 _aGCL /
_cGCL
082 0 4 _a272.498
_bم ت
_221
100 1 _aمرقس داود
245 1 0 _aتفسير زكريا /
_cمرقس داود
260 _c1983
300 _a286 ص
650 0 4 _aالانجيل
_2qrmak
650 0 4 _aالكتب السماوية
_2qrmak
651 _2qrmak
700 1 _aمتى هنرى
942 _2ddc
_cBK